Turbo Pascal với chương trình tính gió động và động đất

Giới thiệu chung về thuật toán tính toán gió động, tính toán động đất và phương pháp sử dụng ngôn ngữ lập trình Pascal để tính gió động và động đất

Shranjeno v:
Bibliografske podrobnosti
Glavni avtor: Đặng, Tỉnh
Format: Knjiga
Jezik:Undetermined
Izdano: Hà Nội Khoa học và Kỹ thuật 2005
Teme:
Oznake: Označite
Brez oznak, prvi označite!
Thư viện lưu trữ: Trung tâm Học liệu Trường Đại học Cần Thơ
LEADER 00895nam a2200205Ia 4500
001 CTU_101490
008 210402s9999 xx 000 0 und d
020 |c 16000 
082 |a 005.133 
082 |b T312 
100 |a Đặng, Tỉnh 
245 0 |a Turbo Pascal với chương trình tính gió động và động đất 
245 0 |c Đặng Tỉnh 
260 |a Hà Nội 
260 |b Khoa học và Kỹ thuật 
260 |c 2005 
520 |a Giới thiệu chung về thuật toán tính toán gió động, tính toán động đất và phương pháp sử dụng ngôn ngữ lập trình Pascal để tính gió động và động đất 
650 |a Pascal ( computer programs ),Programming languages ( electronic computers ) 
904 |i Hiếu 
980 |a Trung tâm Học liệu Trường Đại học Cần Thơ